[Event "Faxe EMT"]
[Site "Faxe"]
[Date "2003.05.05"]
[Round "6"]
[White "Hansen, Ove Bonnelykke"]
[Black "Wehlast, Svend Erik"]
[Result "1/2-1/2"]
[WhiteElo "1627"]
[BlackElo "1320"]
[PlyCount "102"]
[EventDate "2003.03.19"]
[EventType "swiss"]
[EventRounds "7"]
[EventCountry "DEN"]
[SourceTitle "EXT 2023"]
[Source "ChessBase"]
[SourceDate "2022.10.05"]
[SourceVersion "1"]
[SourceVersionDate "2022.10.05"]
[SourceQuality "1"]

1. d4 d5 2. Nf3 h6 3. e3 Nf6 4. c4 e6 5. Nc3 Bb4 6. Bd2 Bxc3 7. Bxc3 c6 8. cxd5 Nxd5 9. Rc1 0-0 10. Bd3 Nd7 11. 0-0 Nxc3 12. Rxc3 Re8 13. Qc2 e5 14. dxe5 Nxe5 15. Be2 Nxf3+ 16. Bxf3 Qf6 17. Rd1 Be6 18. a3 Rad8 19. Rcd3 Rxd3 20. Qxd3 Qg5 21. Kh1 Bg4 22. Bxg4 Qxg4 23. f3 Qe6 24. e4 b6 25. b4 f5 26. Re1 f4 27. Rd1 c5 28. Kg1 c4 29. Qd2 Qe5 30. Kf2 b5 31. Qc2 a6 32. Rd5 Qf6 33. Qd2 Qh4+ 34. Kg1 Qf6 35. Kf2 Qh4+ 36. Kg1 Qf6 37. h3 Qa1+ 38. Kh2 Qxa3 39. Rd7 Kh8 40. Rc7 Qe3 41. Qd7 Rg8 42. Qd6 c3 43. Qc5 Rd8 44. Qe5 Rg8 45. Qxc3 Qf2 46. Rc6 Qg3+ 47. Kg1 Rd8 48. Rxh6+ Kg8 49. Qb3+ Kf8 50. Rh8+ Ke7 51. Rxd8 Qe1+ 1/2-1/2

[Event "Faxe EMT"]
[Site "Faxe"]
[Date "2001.05.09"]
[Round "7"]
[White "Hansen, Ove Bonnelykke"]
[Black "Eckert, Svend"]
[Result "0-1"]
[WhiteElo "1604"]
[BlackElo "1642"]
[PlyCount "92"]
[EventDate "2001.03.21"]
[EventType "swiss"]
[EventRounds "7"]
[EventCountry "DEN"]
[SourceTitle "EXT 2023"]
[Source "ChessBase"]
[SourceDate "2022.10.05"]
[SourceVersion "1"]
[SourceVersionDate "2022.10.05"]
[SourceQuality "1"]

1. e4 c6 2. d4 d5 3. Nd2 Nd7 4. Ngf3 e6 5. Bd3 Ne7 6. 0-0 Ng6 7. exd5 cxd5 8. Re1 Bd6 9. c4 Nf6 10. cxd5 Nxd5 11. Nc4 Be7 12. Bd2 Ngf4 13. Bxf4 Nxf4 14. Bf1 0-0 15. Rc1 Bb4 16. Re4 Ng6 17. a3 Be7 18. Nce5 Nxe5 19. dxe5 Qb6 20. b4 Rd8 21. Rd4 Kf8 22. Rxd8+ Qxd8 23. Qc2 g6 24. Rd1 Qb6 25. Qd2 Kg7 26. Qc3 a5 27. b5 Bc5 28. a4 Bxf2+ 29. Kh1 Bc5 30. Nd2 Qc7 31. Ne4 b6 32. Qf3 Bb7 33. Qf6+ Kg8 34. Nd6 Bd5 35. Nc4 Rd8 36. Rc1 Be7 37. Qf4 Bc5 38. Qf6 Be4 39. Ne3 Rd4 40. Ng4 Bxg2+ 41. Bxg2 Rxg4 42. Bc6 Qe7 43. Rd1 Rd4 44. Qf1 Qg5 45. Rxd4 Bxd4 46. Be8 Qf5 0-1

[Event "Faxe EMT"]
[Site "Faxe"]
[Date "2001.03.28"]
[Round "2"]
[White "Hansen, Ove Bonnelykke"]
[Black "Jensen, Niels"]
[Result "1-0"]
[WhiteElo "1604"]
[BlackElo "1277"]
[PlyCount "121"]
[EventDate "2001.03.21"]
[EventType "swiss"]
[EventRounds "7"]
[EventCountry "DEN"]
[SourceTitle "EXT 2023"]
[Source "ChessBase"]
[SourceDate "2022.10.05"]
[SourceVersion "1"]
[SourceVersionDate "2022.10.05"]
[SourceQuality "1"]

1. d4 d5 2. Nf3 Nf6 3. e3 Bf5 4. Be2 h6 5. 0-0 e6 6. c4 Nc6 7. Nc3 Nb4 8. Ne1 Ne4 9. Nxe4 dxe4 10. a3 Nc6 11. b4 a6 12. Bb2 Bd6 13. f3 0-0 14. fxe4 Bxe4 15. Nf3 Rb8 16. Qe1 Bxf3 17. Bxf3 Qg5 18. Rd1 Rfe8 19. Qf2 e5 20. c5 Bf8 21. Bd5 Re7 22. Bxf7+ Kh8 23. Bc4 exd4 24. exd4 Qe3 25. Qxe3 Rxe3 26. Rf7 Rc8 27. Rdf1 Be7 28. Kf2 Bg5 29. Kg1 Bf6 30. Rd7 Re4 31. Bd5 Re7 32. Rxe7 Bxe7 33. Be6 Rf8 34. d5 Nd8 35. Rxf8+ Bxf8 36. Bf5 Kg8 37. Kf2 Kf7 38. Kf3 a5 39. Be5 axb4 40. axb4 b6 41. Bxc7 Nb7 42. Bxb6 Kf6 43. Bc8 Nd6 44. Be6 Ne8 45. b5 Ke5 46. Bf7 Nf6 47. Bc7+ Kd4 48. c6 Nxd5 49. b6 Bc5 50. b7 Ba7 51. Bd6 Nb6 52. c7 Nd7 53. c8Q Ne5+ 54. Bxe5+ Kxe5 55. b8Q+ Bxb8 56. Qxb8+ Kf6 57. Qe8 g5 58. Qe6+ Kg7 59. Bg6 g4+ 60. Kf4 g3 61. Qf7+ 1-0